[Event "Serbia op-A"]
[Site "Belgrade"]
[Date "2025.07.14"]
[Round "9"]
[White "Pogorelskikh, Sofia"]
[Black "Xu, Ziyuan"]
[Result "1-0"]
[WhiteElo "2304"]
[BlackElo "2179"]
[PlyCount "95"]
[EventDate "2025.07.14"]
[EventType "swiss"]
[EventRounds "9"]
[EventCountry "SRB"]
[SourceTitle "CB30_2025"]
[SourceDate "2025.07.23"]
[SourceVersion "1"]
[SourceVersionDate "2025.07.23"]
[SourceQuality "1"]

1. e4 d6 2. d4 g6 3. Nc3 Bg7 4. Be3 a6 5. g4 b5 6. Bg2 Bb7 7. h4 b4 8. Nd5 a5 9. h5 e6 10. Nf4 Nd7 11. Nge2 c5 12. d5 exd5 13. Nxd5 Bxd5 14. Qxd5 Ngf6 15. Qxd6 Nxg4 16. 0-0-0 Nxe3 17. fxe3 Qe7 18. Qc6 Rd8 19. Bh3 f5 20. hxg6 Qf6 21. Qxf6 Nxf6 22. Bxf5 Rxd1+ 23. Rxd1 hxg6 24. Bxg6+ Ke7 25. Bf5 Bh6 26. Nf4 Bxf4 27. exf4 Rh4 28. e5 Ng8 29. Rd7+ Kf8 30. Rd8+ Kg7 31. Be6 Nh6 32. f5 Ng4 33. f6+ Nxf6 34. exf6+ Kxf6 35. Bb3 c4 36. Ba4 Ke5 37. Rd1 Rh2 38. Bb5 c3 39. bxc3 bxc3 40. a4 Rh4 41. Kb1 Rb4+ 42. Ka2 Rb2+ 43. Ka3 Rxc2 44. Kb3 Rh2 45. Kxc3 Rh8 46. Rd7 Rc8+ 47. Kb3 Ra8 48. Rc7 1-0

[Event "Dongtai Rebecca Cup op"]
[Site "Dongtai"]
[Date "2025.06.21"]
[Round "8"]
[White "Xu, Ziyuan"]
[Black "Ha, Yihan"]
[Result "1-0"]
[WhiteElo "2117"]
[BlackElo "2093"]
[PlyCount "69"]
[EventDate "2025.06.17"]
[EventType "swiss"]
[EventRounds "9"]
[EventCountry "CHN"]
[SourceTitle "CB26_2025"]
[SourceDate "2025.06.25"]
[SourceVersion "1"]
[SourceVersionDate "2025.06.25"]
[SourceQuality "1"]

1. e4 e5 2. Nf3 Nc6 3. Bb5 a6 4. Ba4 Nf6 5. 0-0 Bc5 6. c3 b5 7. Bb3 d6 8. d4 Bb6 9. a4 Bb7 10. Re1 h6 11. axb5 axb5 12. Rxa8 Bxa8 13. Na3 b4 14. Nc4 0-0 15. dxe5 Nxe5 16. Nfxe5 dxe5 17. Qxd8 Rxd8 18. Nxb6 cxb6 19. f3 bxc3 20. bxc3 Bc6 21. Ba3 Rd3 22. Bb4 g5 23. Ra1 Rd7 24. Ra6 Rb7 25. Bd6 Nd7 26. Ra8+ Kg7 27. Rc8 Bb5 28. Bd5 Ra7 29. c4 Ra1+ 30. Kf2 Rc1 31. Rc7 Ba4 32. Ra7 Rc2+ 33. Kg3 Nf6 34. Rxa4 Nh5+ 35. Kg4 1-0

[Event "China zt 3.5"]
[Site "Jiangxi"]
[Date "2025.03.30"]
[Round "9"]
[White "Chen, Zhi"]
[Black "Xu, Ziyuan"]
[Result "0-1"]
[WhiteElo "2094"]
[BlackElo "2042"]
[PlyCount "76"]
[EventDate "2025.03.22"]
[EventType "swiss"]
[EventRounds "9"]
[EventCountry "CHN"]
[SourceTitle "CB14_2025"]
[SourceDate "2024.11.01"]
[SourceVersion "1"]
[SourceVersionDate "2024.11.01"]
[SourceQuality "1"]

1. Nf3 Nf6 2. d4 g6 3. g3 Bg7 4. Bg2 0-0 5. 0-0 d6 6. c4 a6 7. Nc3 Nc6 8. d5 Na5 9. Qd3 c5 10. Re1 Rb8 11. Rb1 b5 12. cxb5 c4 13. Qc2 axb5 14. a3 Nd7 15. e4 Nc5 16. Be3 Nab3 17. Rbd1 Qa5 18. Bd4 Nxd4 19. Nxd4 Bxd4 20. Rxd4 Nd3 21. Re3 Qb6 22. Ne2 e5 23. dxe6 fxe6 24. Rdxd3 cxd3 25. Qxd3 b4 26. a4 e5 27. Nc1 Be6 28. Nb3 Kg7 29. a5 Qc7 30. Bf1 Bxb3 31. Qxb3 Qxa5 32. h4 Rbc8 33. Qe6 Rc2 34. Qxd6 Rcxf2 35. Re1 R2f6 36. Qd3 Qc5+ 37. Kh1 Rf3 38. Qd7+ R8f7 0-1

[Event "China zt 3.5"]
[Site "Jiangxi"]
[Date "2025.03.29"]
[Round "8"]
[White "Xu, Ziyuan"]
[Black "Jin, Hongtao"]
[Result "0-1"]
[WhiteElo "2042"]
[BlackElo "2343"]
[PlyCount "122"]
[EventDate "2025.03.22"]
[EventType "swiss"]
[EventRounds "9"]
[EventCountry "CHN"]
[SourceTitle "CB14_2025"]
[SourceDate "2024.11.01"]
[SourceVersion "1"]
[SourceVersionDate "2024.11.01"]
[SourceQuality "1"]

1. e4 c5 2. Nc3 Nc6 3. Bb5 Nd4 4. Nf3 a6 5. Bd3 g6 6. 0-0 Bg7 7. Re1 Nf6 8. e5 Nh5 9. b4 Nxf3+ 10. Qxf3 cxb4 11. Nd5 e6 12. Nf4 Nxf4 13. Qxf4 d6 14. Bb2 a5 15. h4 h5 16. Rab1 dxe5 17. Bxe5 0-0 18. Re3 Bd7 19. Bxg7 Kxg7 20. Qd4+ Kg8 21. Rg3 Be8 22. Qf4 Rc8 23. Qh6 Qd4 24. Qxh5 Rc5 25. Qh6 Qh8 26. Qf4 Qe5 27. Qh6 Qh5 28. Qf4 Qe5 29. Qh6 Qh8 30. Qf4 Rh5 31. Rh3 Qe5 32. Qg4 Kg7 33. c3 bxc3 34. dxc3 Bc6 35. Re3 Qf6 36. g3 Rc5 37. Be4 Rc4 38. Qe2 Rxe4 39. Rxe4 Qf5 40. Re1 Bxe4 41. Qxe4 Qxe4 42. Rxe4 Rc8 43. Re5 b6 44. Rb5 Rxc3 45. Rxb6 Rc2 46. a4 Rc4 47. Ra6 Rxa4 48. Kg2 e5 49. Kf3 f5 50. Ra7+ Kh6 51. Kg2 Ra2 52. Re7 e4 53. g4 Rd2 54. h5 a4 55. hxg6 Kxg6 56. Kg3 Rd3+ 57. Kh4 a3 58. Re6+ Kf7 59. gxf5 Rd4 60. Rc6 e3+ 61. Kg3 e2 0-1

[Event "China zt 3.5"]
[Site "Jiangxi"]
[Date "2025.03.25"]
[Round "4"]
[White "Xu, Ziyuan"]
[Black "Song, Yihang"]
[Result "1/2-1/2"]
[WhiteElo "2042"]
[BlackElo "1798"]
[PlyCount "126"]
[EventDate "2025.03.22"]
[EventType "swiss"]
[EventRounds "9"]
[EventCountry "CHN"]
[SourceTitle "CB14_2025"]
[SourceDate "2024.11.01"]
[SourceVersion "1"]
[SourceVersionDate "2024.11.01"]
[SourceQuality "1"]

1. e4 c5 2. Nc3 Nc6 3. Bb5 Nd4 4. a4 a6 5. Bc4 e6 6. Nf3 Nf6 7. d3 d5 8. Ba2 Nxf3+ 9. Qxf3 d4 10. Ne2 e5 11. Qg3 Qc7 12. 0-0 Nh5 13. Qh4 g6 14. f4 Be7 15. Qf2 Be6 16. Bxe6 fxe6 17. Qf3 0-0 18. Qg4 Ng7 19. b3 Bd6 20. a5 Rf7 21. Bd2 Raf8 22. g3 Qd7 23. Kg2 Nh5 24. fxe5 Bxe5 25. Ng1 Rxf1 26. Rxf1 Rxf1 27. Kxf1 Bc7 28. Nf3 Qf7 29. Ke2 Nf6 30. Qh4 Nd7 31. Ng5 Qe7 32. Qg4 Nf8 33. h4 h5 34. Qh3 Qd8 35. b4 cxb4 36. Bxb4 Bd6 37. Bxd6 Qxd6 38. Qf1 Qe7 39. Qa1 Qc5 40. Qa4 Qc7 41. Kd1 Qxg3 42. Qxd4 Qxh4 43. Qf6 Qh1+ 44. Kd2 Qh2+ 45. Kc1 Qc7 46. Nxe6 Qf7 47. Qxf7+ Kxf7 48. Nxf8 Kxf8 49. Kd2 h4 50. Ke3 g5 51. Kf3 h3 52. Kg3 g4 53. c4 Ke7 54. c5 Ke6 55. d4 Kd7 56. d5 Kc7 57. e5 Kd7 58. Kh2 Kd8 59. e6 Ke7 60. Kg3 Kf6 61. Kh2 Ke7 62. Kg3 Kf6 63. Kh2 Ke7 1/2-1/2

[Event "CHN-ch Gp-B"]
[Site "Liaocheng"]
[Date "2024.04.25"]
[Round "9"]
[White "Xu, Ziyuan"]
[Black "Yu, Chaojie"]
[Result "0-1"]
[WhiteElo "1872"]
[BlackElo "2047"]
[PlyCount "124"]
[EventDate "2024.04.21"]
[EventType "swiss"]
[EventRounds "11"]
[EventCountry "CHN"]
[SourceTitle "CBM 219 Extra"]
[Source "ChessBase"]
[SourceDate "2024.05.31"]
[SourceVersion "1"]
[SourceVersionDate "2024.05.31"]
[SourceQuality "1"]

1. e4 c6 2. Nc3 d5 3. Nf3 dxe4 4. Nxe4 Nf6 5. Qe2 Nxe4 6. Qxe4 Nd7 7. Bc4 Nf6 8. Ne5 e6 9. Qe2 b5 10. Nxc6 Qc7 11. Bd3 Bb7 12. Ne5 a6 13. 0-0 Bd6 14. Re1 Nd5 15. Nf3 Nf4 16. Qe3 Bc5 17. Qe5 Qxe5 18. Rxe5 Nxd3 19. cxd3 Bd6 20. Re1 Bxf3 21. gxf3 0-0-0 22. b3 Bb8 23. a4 Rxd3 24. axb5 axb5 25. Re3 Rhd8 26. Ra5 R3d5 27. Ba3 Kb7 28. Bb4 Bc7 29. Ra2 Bb6 30. Re4 Rd3 31. Rf4 f6 32. Bc3 Bd4 33. Ba5 Rc8 34. Kg2 e5 35. Rh4 h6 36. b4 Rc1 37. Bd8 Bxf2 38. Rg4 Rg1+ 39. Kxf2 Rxg4 40. Bxf6 Rxb4 41. Bxg7 Rbb3 42. Bxe5 Rxf3+ 43. Ke2 Rf5 44. d4 h5 45. Rc2 Rff3 46. Rc7+ Kb6 47. Rh7 Rfc3 48. Rxh5 Rb2+ 49. Kd1 Rf3 50. Rh6+ Kb7 51. Rf6 Rxf6 52. Bxf6 Rxh2 53. d5 Rh5 54. Kc2 Rxd5 55. Kb3 Kc6 56. Be7 Rd3+ 57. Kb4 Rd4+ 58. Kb3 Kd5 59. Bb4 Rd3+ 60. Kc2 Kc4 61. Bd2 Rxd2+ 62. Kxd2 Kb3 0-1

[Event "CHN-ch Gp-B"]
[Site "Liaocheng"]
[Date "2024.04.21"]
[Round "2"]
[White "Wei, Zhengchen"]
[Black "Xu, Ziyuan"]
[Result "1/2-1/2"]
[WhiteElo "1675"]
[BlackElo "1872"]
[PlyCount "120"]
[EventDate "2024.04.21"]
[EventType "swiss"]
[EventRounds "11"]
[EventCountry "CHN"]
[SourceTitle "CBM 219 Extra"]
[Source "ChessBase"]
[SourceDate "2024.05.31"]
[SourceVersion "1"]
[SourceVersionDate "2024.05.31"]
[SourceQuality "1"]

1. e4 c5 2. Nf3 e6 3. d4 cxd4 4. Nxd4 a6 5. c4 Nf6 6. Nc3 Bb4 7. Qd3 d5 8. exd5 exd5 9. Be2 0-0 10. 0-0 Nc6 11. cxd5 Nxd5 12. Nxc6 bxc6 13. Nxd5 cxd5 14. Bf3 Be6 15. Rd1 Qf6 16. Be3 Qxb2 17. Rab1 Qc3 18. Qxc3 Bxc3 19. Bxd5 Bxd5 20. Rxd5 Rab8 21. Rxb8 Rxb8 22. g3 h6 23. Bd4 Rb1+ 24. Kg2 Rd1 25. Rd8+ Kh7 26. Bb6 Ra1 27. Rd3 Bb4 28. Rb3 a5 29. a3 Be1 30. Rf3 Kg6 31. h4 Rb1 32. Bd4 f6 33. Bc3 Bxc3 34. Rxc3 Ra1 35. Rb3 a4 36. Rc3 Kf5 37. Kf3 h5 38. Ke3 Ra2 39. Rc5+ Ke6 40. Rc6+ Kd5 41. Rc3 g6 42. Rd3+ Kc4 43. Rd4+ Kb3 44. Rd6 Rxa3 45. Rxf6 Kc2+ 46. Kf4 Rb3 47. Rxg6 a3 48. Ra6 Rb4+ 49. Kg5 Kb3 50. Rxa3+ Kxa3 51. Kxh5 Kb3 52. Kg6 Rb6+ 53. Kg5 Rb5+ 54. Kf6 Rb6+ 55. Ke5 Rb5+ 56. Kd6 Rb6+ 57. Kc5 Rf6 58. f4 Rg6 59. Kd5 Rxg3 60. f5 Rh3 1/2-1/2

[Event "CHN-ch U16"]
[Site "Shanghai"]
[Date "2024.02.21"]
[Round "11"]
[White "Tian, Siyuan"]
[Black "Xu, Ziyuan"]
[Result "0-1"]
[WhiteElo "1455"]
[BlackElo "1713"]
[PlyCount "58"]
[EventDate "2024.02.16"]
[EventType "swiss"]
[EventRounds "11"]
[EventCountry "CHN"]
[SourceTitle "CBM 218 Extra"]
[Source "ChessBase"]
[SourceDate "2024.03.31"]
[SourceVersion "1"]
[SourceVersionDate "2024.03.31"]
[SourceQuality "1"]

1. c4 e5 2. g3 Nf6 3. Bg2 d5 4. cxd5 Nxd5 5. Nc3 Be6 6. Nf3 Nc6 7. 0-0 Nb6 8. d3 Be7 9. Be3 0-0 10. Rc1 f6 11. a3 Nd4 12. Bxd4 exd4 13. Ne4 c6 14. Qc2 Bd5 15. Rfd1 c5 16. Nh4 f5 17. Nxc5 Rc8 18. b4 Bg5 19. Rb1 Bxh4 20. gxh4 Bxg2 21. Kxg2 Qxh4 22. Qb3+ Kh8 23. Qe6 Rce8 24. Qd6 Rf6 25. Qc7 Nd5 26. Qd7 Nf4+ 27. Kh1 Rg8 28. Kg1 Rg6+ 29. Kf1 Qg4 0-1

[Event "CHN-ch U16"]
[Site "Shanghai"]
[Date "2024.02.18"]
[Round "6"]
[White "Xu, Ziyuan"]
[Black "Chang, Luxin"]
[Result "1-0"]
[WhiteElo "1713"]
[BlackElo "1574"]
[PlyCount "91"]
[EventDate "2024.02.16"]
[EventType "swiss"]
[EventRounds "11"]
[EventCountry "CHN"]
[SourceTitle "CBM 218 Extra"]
[Source "ChessBase"]
[SourceDate "2024.03.31"]
[SourceVersion "1"]
[SourceVersionDate "2024.03.31"]
[SourceQuality "1"]

1. e4 d6 2. d4 g6 3. Nc3 Bg7 4. Be3 a6 5. a4 Nf6 6. Qd2 b6 7. Bh6 Bxh6 8. Qxh6 e5 9. Nf3 Qe7 10. dxe5 dxe5 11. Bc4 Bb7 12. Ng5 Rf8 13. Nxh7 Nxh7 14. Qxh7 Nd7 15. 0-0-0 0-0-0 16. Kb1 Nf6 17. Rxd8+ Qxd8 18. Qh3+ Kb8 19. Rd1 Qe7 20. Qd3 Ka7 21. f3 Qc5 22. b3 Nh5 23. Kb2 Nf4 24. Qd2 f5 25. g3 Nh3 26. Qh6 Nf2 27. Rd7 fxe4 28. fxe4 Rf3 29. Qg7 Kb8 30. Qg8+ Ka7 31. Qd8 Rxc3 32. Kxc3 b5 33. axb5 axb5 34. Qxc7 Nxe4+ 35. Kb2 Qxc7 36. Rxc7 bxc4 37. Rxc4 Nf6 38. Kc3 Kb6 39. Kd2 Bf3 40. Rc8 e4 41. h3 Nd5 42. Rg8 e3+ 43. Ke1 Nb4 44. Rc8 Be4 45. Rc4 Nxc2+ 46. Ke2 1-0

[Event "Daqing Boyi Cup-B"]
[Site "Daqing"]
[Date "2023.08.14"]
[Round "3"]
[White "Wang, Zixuan"]
[Black "Xu, Ziyuan"]
[Result "0-1"]
[WhiteElo "1417"]
[BlackElo "1619"]
[PlyCount "102"]
[EventDate "2023.08.13"]
[EventType "swiss"]
[EventRounds "9"]
[EventCountry "CHN"]
[SourceTitle "EXT 2024"]
[Source "ChessBase"]
[SourceDate "2023.10.10"]
[SourceVersion "1"]
[SourceVersionDate "2023.10.10"]
[SourceQuality "1"]

1. d4 Nf6 2. c4 g6 3. Nc3 Bg7 4. h4 0-0 5. e4 d6 6. Be2 e5 7. d5 h5 8. Bg5 Nbd7 9. f3 Qe8 10. Nb5 Qd8 11. g4 a6 12. Nc3 Qe8 13. Nh3 Nc5 14. Nf2 Bd7 15. Qd2 Kh7 16. Be3 b6 17. Qc2 Na4 18. Nb1 a5 19. b3 Nc5 20. Nc3 Na6 21. a3 Nc5 22. Bxc5 bxc5 23. a4 Qc8 24. Rg1 Ng8 25. 0-0-0 Bh6+ 26. g5 Bg7 27. Nd3 Ne7 28. Nb5 f5 29. gxf6 Bh6+ 30. Kb2 Rxf6 31. Rdf1 Bh3 32. Re1 c6 33. Nc3 Be3 34. Rg3 cxd5 35. exd5 Nf5 36. Ne4 Rf8 37. Rxh3 Nd4 38. Qd1 Qxh3 39. Bf1 Qh2+ 40. Kc3 Rab8 41. Rxe3 Rxb3+ 42. Qxb3 Nxb3 43. Kxb3 Rb8+ 44. Kc3 Qa2 45. Nd2 Qa1+ 46. Kc2 Qxa4+ 47. Kc1 Qa1+ 48. Kc2 a4 49. Re1 Qa2+ 50. Kc3 a3 51. Bh3 Rb2 0-1

[Event "CHN-ch U16"]
[Site "Shenzhen"]
[Date "2023.07.29"]
[Round "4"]
[White "Xu, Ziyuan"]
[Black "Yu, Zhenghuan"]
[Result "1-0"]
[WhiteElo "1619"]
[BlackElo "1393"]
[PlyCount "51"]
[EventDate "2023.07.28"]
[EventType "swiss"]
[EventRounds "11"]
[EventCountry "CHN"]
[SourceTitle "CBM 215 Extra"]
[Source "ChessBase"]
[SourceDate "2023.09.30"]
[SourceVersion "1"]
[SourceVersionDate "2023.09.30"]
[SourceQuality "1"]

1. e4 c5 2. Nf3 Nc6 3. Bb5 d6 4. 0-0 Nf6 5. e5 dxe5 6. Nxe5 Qc7 7. Qf3 Bd7 8. Bxc6 Bxc6 9. Nxc6 bxc6 10. Nc3 e6 11. d3 Bd6 12. h3 0-0 13. Bg5 Nd5 14. Ne4 Be5 15. Rab1 Rab8 16. c4 Nb4 17. Nxc5 Qd6 18. Be3 Nc2 19. Nb3 Qxd3 20. Nc5 Qxc4 21. Nd7 Qxa2 22. Nxe5 Rxb2 23. Rbd1 Nxe3 24. fxe3 f6 25. Nd7 Rf7 26. Nxf6+ 1-0

[Event "CHN-ch U16"]
[Site "Shenzhen"]
[Date "2023.07.28"]
[Round "2"]
[White "Xu, Ziyuan"]
[Black "Li, Shanglin"]
[Result "0-1"]
[WhiteElo "1619"]
[BlackElo "2142"]
[PlyCount "106"]
[EventDate "2023.07.28"]
[EventType "swiss"]
[EventRounds "11"]
[EventCountry "CHN"]
[SourceTitle "CBM 215 Extra"]
[Source "ChessBase"]
[SourceDate "2023.09.30"]
[SourceVersion "1"]
[SourceVersionDate "2023.09.30"]
[SourceQuality "1"]

1. e4 c5 2. Nf3 e6 3. d4 cxd4 4. Nxd4 a6 5. Bd3 Bc5 6. Nb3 Ba7 7. Qg4 Nf6 8. Qg3 d6 9. 0-0 Nc6 10. Qxg7 Rg8 11. Qh6 Ne5 12. h3 Rg6 13. Nc3 Rxh6 14. Bxh6 Nfd7 15. Rae1 Qh4 16. Be3 Bxe3 17. Rxe3 Nc5 18. Nxc5 dxc5 19. Na4 Bd7 20. Nxc5 Bc6 21. Be2 Nd7 22. Nb3 Qf6 23. c3 0-0-0 24. Nd4 e5 25. Rf3 Qg6 26. Nf5 Kc7 27. Rg3 Qf6 28. f3 Nf8 29. Rg7 Ne6 30. Rxh7 Rg8 31. g4 Rh8 32. Rxh8 Qxh8 33. h4 Nf4 34. Bc4 Bd7 35. h5 Bxf5 36. exf5 Qf6 37. Kf2 b5 38. Bb3 Qh4+ 39. Ke3 f6 40. Rd1 Qh2 41. Re1 Ng2+ 42. Kf2 Nxe1+ 43. Kxe1 Qxb2 44. g5 Qc1+ 45. Ke2 Qxg5 46. Be6 Qxh5 47. Ke3 Kd6 48. Ke4 Kc5 49. Ke3 Qg5+ 50. Ke2 Qc1 51. Kd3 a5 52. Bb3 Qf4 53. Ke2 Qxf5 0-1